Fundamentals of Numerical Computation (Record no. 531052)
[ view plain ]
| 000 -LEADER | |
|---|---|
| fixed length control field | 00341nam a2200133Ia 4500 |
| 008 - FIXED-LENGTH DATA ELEMENTS--GENERAL INFORMATION | |
| fixed length control field | 191014s9999 xx 000 0 und d |
| 020 ## - INTERNATIONAL STANDARD BOOK NUMBER | |
| International Standard Book Number | 978-1-611-97507 |
| 082 ## - DEWEY DECIMAL CLASSIFICATION NUMBER | |
| Classification number | 518.0285 |
| Author Mark | DRI |
| 100 ## - MAIN ENTRY--PERSONAL NAME | |
| Personal name | T.A. Driscoll R.J. Braun |
| 9 (RLIN) | 20466 |
| 245 #0 - TITLE STATEMENT | |
| Title | Fundamentals of Numerical Computation |
| 260 ## - PUBLICATION, DISTRIBUTION, ETC. | |
| Date of publication, distribution, etc. | 2018 |
| 300 ## - PHYSICAL DESCRIPTION | |
| Extent | Xxix,553 |
| 942 ## - ADDED ENTRY ELEMENTS (KOHA) | |
| Koha item type | Book |
| Withdrawn status | Lost status | Damaged status | Not for loan | Permanent Location | Current Location | Date acquired | Source of acquisition | Cost, normal purchase price | Total Checkouts | Full call number | Barcode | Checked out | Date last seen | Date last checked out | Price effective from | Koha item type |
|---|---|---|---|---|---|---|---|---|---|---|---|---|---|---|---|---|
| School of Natural Sciences (SNS) | School of Natural Sciences (SNS) | 10/15/2019 | Golden Books | 17296.65 | 1 | 518.0285DRI | SNS0002829 | 04/15/2020 | 03/04/2020 | 03/04/2020 | 10/15/2019 | Book |
